| 000 | 01174nam a2200229Ia 4500 | ||
|---|---|---|---|
| 999 |
_c38820 _d38820 |
||
| 001 | 5222 | ||
| 003 | GE_BSU | ||
| 005 | 20190627211328.0 | ||
| 008 | 181216s1988||||ge |||||||||||||| ||geo|| | ||
| 080 | _a004.383.3(075.8) ხ-25 | ||
| 100 |
_aხარატიშვილი, ნ. _93029 |
||
| 245 |
_aციფრული ტექნიკის საფუძვლები : დამხმ. სახელმძღვ. / _cნ. ხარატიშვილი ; ლ. ღოღობერიძე ; ვ. ნანობაშვილი ; რედ : ე. გიორგაძე. |
||
| 264 |
_aთბილისი : _bსპი, _c1988. |
||
| 300 |
_a92 გვ .: _bილ; ცხრ. _c20 სმ. |
||
| 504 | _aბიბლიოგრ.:გვ.90 | ||
| 653 | _aციფრული ტექნიკის საფუძვლები | ||
| 653 | _aსაინფორმაციო ტექნოლოგიები | ||
| 700 |
_aღოღობერიძე, ლ. _93030 |
||
| 700 |
_aნანობაშვილი, ვ _93031 |
||
| 700 |
_aგიორგაძე, ე _eრედაქტორი _9398 |
||
| 942 |
_cBK _2udc |
||